NBS guide to tendering : (Record no. 122140)

MARC details
000 -LEADER
fixed length control field 00994aam a2200349 a 4500
001 - CONTROL NUMBER
control field 990175365720107026
003 - CONTROL NUMBER IDENTIFIER
control field UkOxU
005 - DATE AND TIME OF LATEST TRANSACTION
control field 20250415103319.0
008 - FIXED-LENGTH DATA ELEMENTS--GENERAL INFORMATION
fixed length control field 110329s2011 enk b 000 0 eng c
015 ## - NATIONAL BIBLIOGRAPHY NUMBER
National bibliography number GBB145782
Source bnb
020 ## - INTERNATIONAL STANDARD BOOK NUMBER
ISBN 9781859463888 (pbk.)
035 ## - SYSTEM CONTROL NUMBER
System control number (UkOxU)017536572
035 ## - SYSTEM CONTROL NUMBER
System control number (UkOxU)017536572BIB01
035 ## - SYSTEM CONTROL NUMBER
System control number (StEdNL)4495241
035 ## - SYSTEM CONTROL NUMBER
System control number (Uk)015773506
040 ## - CATALOGING SOURCE
Original cataloging agency StEdNL
041 ## - LANGUAGE CODE
Language code of text/sound track or separate title eng
042 ## - AUTHENTICATION CODE
Authentication code ukscp
043 ## - GEOGRAPHIC AREA CODE
Geographic area code e-uk---
082 04 - DEWEY DECIMAL CLASSIFICATION NUMBER
Classification number 692.80941
100 1# - MAIN ENTRY--PERSONAL NAME
Personal author Finch, Roland.
245 10 - TITLE STATEMENT
Title NBS guide to tendering :
Subtitle for construction projects /
Statement of responsibility, etc Roland Finch.
246 30 - VARIANT TITLE
Title Guide to tendering :
Subtitle for construction projects
260 ## - PUBLICATION INFORMATION
Place of publication London :
Publisher NBS,
Date 2011.
300 ## - PHYSICAL DESCRIPTION
Physical description 32 p. ;
Dimensions 22 cm.
504 ## - BIBLIOGRAPHY, ETC. NOTE
Bibliography, etc Includes bibliography.
650 #0 - KEYWORDS
Keywords Contractors
General subdivision Selection and appointment
Geographic subdivision Great Britain
650 #0 - KEYWORDS
Keywords Letting of contracts
Geographic subdivision Great Britain
651 ## - SUBJECT ADDED ENTRY--GEOGRAPHIC NAME
Geographic name United Kingdom
700 ## - ADDED PERSONAL NAME
Added personal author Finch, Roland
942 ## - ADDED ENTRY ELEMENTS (KOHA)
Suppress in OPAC Do not suppress in OPAC
Holdings
Lost status Source of classification or shelving scheme Damaged status Not for loan Home library Current library Shelving location Date acquired Total Checkouts Full call number Date last seen Price effective from Koha item type
  Dewey Decimal Classification     London London Books 15/04/2025   692.80941 15/04/2025 15/04/2025 Book